Statistics for China Cities Map Quiz 2

Click here to take the quiz!

General Stats

  • This quiz has been taken 133 times
  • The average score is 15 of 36

Answers on the Map

Answers color-coded by a green-red scale on the quiz's map according to % correct below.
 

Answer Stats

Answer% Correct
Hohhot
呼和浩特
86%
Kaohsiung
高雄
83%
Haikou
海口
78%
Jilin
吉林
75%
Nanning
南宁
75%
Shantou
汕头
72%
Taichung
台中
67%
Baoding
保定
56%
Lanzhou
兰州
50%
Yantai
烟台
50%
Baotou
包头
47%
Tangshan
唐山
47%
Huizhou
惠州
44%
Daqing
大庆
42%
Putian
莆田
42%
Yinchuan
银川
39%
Zhuhai
珠海
36%
Zibo
淄博
36%
Datong
大同
33%
Zhongshan
中山
33%
Liuzhou
柳州
31%
Handan
邯郸
28%
Linyi
临沂
28%
Luoyang
洛阳
28%
Nantong
南通
28%
Taizhou
台州
28%
Weifang
潍坊
28%
Wuhu
芜湖
28%
Changzhou
常州
25%
Huai'an
淮安
25%
Lianyungang
连云港
25%
Shaoxing
绍兴
25%
Yiwu
义乌
22%
Xuzhou
徐州
19%
Yangzhou
扬州
19%
Zhangjiagang
张家港
11%

Score Distribution

Percentile by Number Answered

Percent of People with Each Score

Your Score History

You have not taken this quiz